<?xml version="1.0" encoding="UTF-8"?>
<collection xmlns="http://www.loc.gov/MARC21/slim">
<record>
  <controlfield tag="001">170081</controlfield>
  <controlfield tag="005">20260319103125.0</controlfield>
  <datafield tag="020" ind1=" " ind2=" ">
    <subfield code="a">979-13-7014-113-4</subfield>
  </datafield>
  <datafield tag="024" ind1="7" ind2=" ">
    <subfield code="2">doi</subfield>
    <subfield code="a">10.26754/uz.979-13-7014-113-4</subfield>
  </datafield>
  <datafield tag="037" ind1=" " ind2=" ">
    <subfield code="a">BOOK-2026-261</subfield>
  </datafield>
  <datafield tag="041" ind1=" " ind2=" ">
    <subfield code="a">eng</subfield>
  </datafield>
  <datafield tag="100" ind1=" " ind2=" ">
    <subfield code="a">Zampieri, Eleonora (ed.)</subfield>
  </datafield>
  <datafield tag="245" ind1=" " ind2=" ">
    <subfield code="a">In Ambitione Artifices: Electioneering and Elections in the Roman Republic</subfield>
  </datafield>
  <datafield tag="260" ind1=" " ind2=" ">
    <subfield code="a">Sevilla; Zaragoza</subfield>
    <subfield code="b">Editorial Universidad de Sevilla; Prensas de la Universidad de Zaragoza</subfield>
    <subfield code="c">2025</subfield>
  </datafield>
  <datafield tag="300" ind1=" " ind2=" ">
    <subfield code="a">320</subfield>
  </datafield>
  <datafield tag="500" ind1=" " ind2=" ">
    <subfield code="a">Colección: Libera Res Publica</subfield>
  </datafield>
  <datafield tag="520" ind1=" " ind2=" ">
    <subfield code="a">Elections constituted the core of the political system of the Roman Republic. Each year, Roman citizens elected numerous magistrates of varying rank, and the outcome of these elections played a decisive role in shaping the political trajectory of individual candidates within the cursus honorum. This volume examines the nature of Roman Republican elections, analysing their structures, complexities, and exceptions; the scope of political participation; the avenues of access to lower-ranking offices and minor magistracies; and the ways in which architectural space was employed to frame the populus as a voting body. It also considers the reliability of our sources for Republican electoral practices, the role of campaign promises and policy pledges, and the potential influence of both soldiers and women on electoral outcomes. Taken together, the contributions of this volume provide an essential intervention in the ongoing scholarly debate on the character and functioning of the Roman Republic.</subfield>
  </datafield>
  <datafield tag="856" ind1="0" ind2=" ">
    <subfield code="f">409409@unizar.es</subfield>
  </datafield>
  <datafield tag="856" ind1="4" ind2=" ">
    <subfield code="u">http://zaguan.unizar.es/record/170081/files/BOOK-2026-261.pdf</subfield>
    <subfield code="z">Texto completo</subfield>
  </datafield>
  <datafield tag="909" ind1="C" ind2="O">
    <subfield code="o">oai:zaguan.unizar.es:170081</subfield>
    <subfield code="p">books</subfield>
  </datafield>
  <datafield tag="980" ind1=" " ind2=" ">
    <subfield code="a">BOOK</subfield>
    <subfield code="b">PRENSASUZ</subfield>
  </datafield>
  <datafield tag="540" ind1=" " ind2=" ">
    <subfield code="9">info:eu-repo/semantics/openAccess</subfield>
  </datafield>
  <datafield tag="506" ind1=" " ind2=" ">
    <subfield code="a">by-nc</subfield>
  </datafield>
</record>
</collection>